000 01553cam a2200385 a 4500
001 15954420
003 Nust- CAS-E
005 20180118181353.0
008 091021s2010 flua b 001 0 eng
010 _a 2009041608
015 _aGBA998207
_2bnb
016 7 _a015386767
_2Uk
020 _a9781439811511 (hardcover : alk. paper)
020 _a1439811512 (hardcover : alk. paper)
035 _a(OCoLC)ocn455835575
040 _aDLC
_cDLC
_dBTCTA
_dYDXCP
_dUKM
_dC#P
_dBWX
_dIXA
_dDLC
050 0 0 _aTH7345
_b.K74 2010
082 0 0 _a697
_222
_bKRE 2010
100 1 _aKreider, Jan F.,
_d1942-
245 1 0 _aHeating and cooling of buildings :
_bdesign for efficiency /
_cJan F. Kreider, Peter S. Curtiss, Ari Rabl.
250 _aRev. 2nd ed.
260 _aBoca Raton :
_bCRC Press/Taylor & Francis,
_cc2010.
300 _axix, 843 p. :
_bill. ;
_c27 cm. +
_eCD-ROM (4 3/4 in.)
490 1 _aMechanical engineering series
504 _aIncludes bibliographical references and index.
650 0 _aHeating
_xEquipment and supplies
_xDesign and construction.
650 0 _aVentilation
_xEquipment and supplies
_xDesign and construction.
650 0 _aAir conditioning
_xEquipment and supplies
_xDesign and construction.
700 1 _aCurtiss, Peter.
700 1 _aRabl, Ari.
830 0 _aMechanical engineering series (Boca Raton, Fla.)
906 _a7
_bcbc
_corignew
_d1
_eecip
_f20
_gy-gencatlg
942 _2ddc
_cBK
999 _c355202
_d355202